000 01021cab a22002055a 4500
001 L149515
008 100309e20100212xxkd f s 000 0 eng d
035 _a(Sirsi) u149515
041 0 _aeng
110 2 _aExperian Business Strategies
_94789
245 0 4 _aThe tracker
_bon the sunny side
260 _c2010
490 _aBuilding Magazine
_v275 (8616) 12 February 2010, 53-54(2)
520 _aExperian Business Strategies' "Focus survey of construction activity" of December 2009 reveals construction activity still declining although the rate of decline had eased with the index rising four points to 45. Tender enquiries increased in December but firms struggled to convert these into actual orders with the index here remaining stable at 43. Construction employment continued a bleak trend with the indicator falling to an eight month low of 34.
590 _aKA
650 2 4 _aEXPERIAN CONSTRUCTION INDUSTRY FOCUS
651 4 _aUnited Kingdom
_y
690 _aBUILT ENVIRONMENT-CONSTRUCTION MARKET
942 _n0
999 _c82193
_d82193